00694nam a2200157 i 4500001000700000003000900007005001700016008004100033100003700074245007400111260005600185300002200241500012500263651003000388852011800418152476ES-MaACL20250603174235.0931025s1888 sp |||| | spa d1 aBotella, Cristóbal,d1867-192113aEl problema de la emigración b: Memoria / cpor Cristobal Botella. aMadrid : b[s.n.], c1888 (fTip. de los Huerfanos) a256 p. ; c26 cm. aMemoria premiada con accésit por la Real Academia de Ciencias Morales y Políticas, en el concurso ordinario de 1836. 7aEspaña-xEmigración2 aES-MaACLjF-M-III-O (VII) z-- Enc. pasta española q-- Falto de la cub. original z-- Enc. en un vol. facticio